000 00293nam a22001337a 4500
008 170923b xxu||||| |||| 00| 0 eng d
020 _a2901412958416
041 _aeng
080 _a37
100 _a46
101 _aEDU
245 _aSURVEY RESEARCH METHODS
_cFOWLER, F.J
942 _2udc
_cBK
999 _c29359
_d29359